Bristol CC v Lovell (Record no. 53501)

MARC details
000 -LEADER
fixed length control field 01220cab a2200229 4500
001 - CONTROL NUMBER
control field X85088
008 - FIXED-LENGTH DATA ELEMENTS--GENERAL INFORMATION
fixed length control field 090401t1998 xxu||||| |||| 00| 0 eng d
035 ## - SYSTEM CONTROL NUMBER
System control number (Sirsi) u85088
041 ## - LANGUAGE CODE
Language code of text/sound track or separate title eng
245 ## - TITLE STATEMENT
Title Bristol CC v Lovell
260 ## - PUBLICATION, DISTRIBUTION, ETC.
Date of publication, distribution, etc. 1998
350 ## - PRICE (NR) (BK AM CF MU VM SE) [OBSOLETE]
Price 0
490 ## - SERIES STATEMENT
Series statement Weekly Law Reports
Volume/sequential designation [1998] 1 WLR 446-460(15)
520 ## - SUMMARY, ETC.
Summary, etc. HL 26 February 1998. The defendant (D) was the secure tenant of a council house owned by the plaintiffs (P). D exercised his right to buy pursuant to the provisions of Housing Act 1985 Part V. P admitted right to buy, then served notice of intention to make a claim for possession. D accepted P`s terms, later amending his defence to add a counterclaim. D applied to county court for an injunction under s138 of the Act. The district judge declined to grant an injunction, so P`s claim for possession would be tried first. Judge allowed appeal by D and granted him an injunction. CA dismissed appeal by P. On appeal by P, Held, plaintiffs appeal allowed.
650 ## - SUBJECT ADDED ENTRY--TOPICAL TERM
Topical term or geographic name entry element COUNCIL HOUSE
650 ## - SUBJECT ADDED ENTRY--TOPICAL TERM
Topical term or geographic name entry element HOUSING ACT 1985
650 ## - SUBJECT ADDED ENTRY--TOPICAL TERM
Topical term or geographic name entry element RIGHT TO BUY
650 ## - SUBJECT ADDED ENTRY--TOPICAL TERM
Topical term or geographic name entry element SECURE TENANCY
690 ## - LOCAL SUBJECT ADDED ENTRY--TOPICAL TERM (OCLC, RLIN)
Topical term or geographic name as entry element LANDLORD AND TENANT-CASE LAW-RESIDENTIAL TENANCIES
942 ## - ADDED ENTRY ELEMENTS (KOHA)
Suppress in OPAC 0
948 ## - LOCAL PROCESSING INFORMATION (OCLC); SERIES PART DESIGNATOR (RLIN)
c (OCLC) 19/03/1998
Holdings
Withdrawn status Lost status Source of classification or shelving scheme Damaged status Not for loan Home library Current library Shelving location Date acquired Total Checkouts Full call number Barcode Date last seen Copy number Price effective from Koha item type
    Other/Generic Classification Scheme     London London Journal article 14/09/1999   X85088 85088-1001 06/08/2019 1 06/08/2019 Law report